Documento firmado por Don Ramón López Rayón (Record no. 4607)
[ view plain ]
| 000 -CABECERA | |
|---|---|
| campo de control de longitud fija | 01683nam a2200301 a 4500 |
| 001 - NÚMERO DE CONTROL | |
| campo de control | BRCA_4913 |
| 005 - FECHA Y HORA DE LA ÚLTIMA TRANSACCIÓN | |
| campo de control | 20190320204845.0 |
| 008 - DATOS DE LONGITUD FIJA--INFORMACIÓN GENERAL | |
| campo de control de longitud fija | 201010s1832----mx-######v---#000-0#spa-# |
| 041 ## - CÓDIGO DE LENGUA | |
| Código de lengua del texto/banda sonora o título independiente | spa |
| 044 ## - CÓDIGO DEL PAÍS DE LA ENTIDAD EDITORA/PRODUCTORA | |
| Código MARC del país | mx |
| 084 ## - OTRO NÚMERO DE CLASIFICACIÓN | |
| Número de clasificación | DOC13 |
| Número de documento/Ítem | .L67 |
| -- | 1832 |
| 100 1# - ENTRADA PRINCIPAL--NOMBRE DE PERSONA | |
| Nombre de persona | López Rayón, Ramón |
| Fechas asociadas al nombre | 1775-1839 |
| 9 (RLIN) | 12441 |
| 245 10 - MENCIÓN DE TÍTULO | |
| Título | Documento firmado por Don Ramón López Rayón |
| Mención de responsabilidad, etc. | Ramón López Rayón, Ignacio Lazo. |
| 260 ## - PUBLICACIÓN, DISTRIBUCIÓN, ETC. | |
| Lugar de publicación, distribución, etc. | Cantón de Tlalpujahua, México |
| Fecha de publicación, distribución, etc. | 1832 |
| 300 ## - DESCRIPCIÓN FÍSICA | |
| Extensión | [1] foja |
| Dimensiones | 31 x 21 cm |
| 500 ## - NOTA GENERAL | |
| Nota general | Documento firmado el 22 de Mayo de 1832 |
| 500 ## - NOTA GENERAL | |
| Nota general | Carta autógrafa de Don Ramón López Rayón, General graduado de la brigada del Ejército Mexicano extendida a favor y por petición del C. Ignacio Lazo en la que rectifica haberlo conocido en 1812 en el Cantón de Tlalpujahua y ser este un leal defensor de la Independencia. Firmado en México el 22 de Mayo de 1832 |
| 500 ## - NOTA GENERAL | |
| Nota general | En la parte superior sello del Gobierno Oficial Mexicano (documento con la águila Republicana) con la siguiente descripción: SELLO CUARTO UNA CUARTILLA Para los años de mil ochocientos treinta y dos y ochocientos treinta y tres |
| 500 ## - NOTA GENERAL | |
| Nota general | El documento tiene la leyenda DOC. #22 |
| 500 ## - NOTA GENERAL | |
| Nota general | Estado de conservación: Contiene acidificación y lagunas en la parte central y en los márgenes |
| 506 0# - NOTA DE RESTRICCIONES AL ACCESO | |
| Limitaciones de acceso | Fondo reservado: para su consulta es necesario credencial de usuario y carta de motivos |
| 546 ## - NOTA DE LENGUA/LENGUAJE | |
| Nota de lengua/lenguaje | Texto en: español a mediados del siglo XIX |
| 600 14 - PUNTO DE ACCESO ADICIONAL DE MATERIA--NOMBRE DE PERSONA | |
| Nombre de persona | López Rayón, Ramón |
| Fechas asociadas al nombre | 1775-1839 |
| Término indicativo de función/relación | General |
| 9 (RLIN) | 12441 |
| 651 #4 - PUNTO DE ACCESO ADICIONAL DE MATERIA--NOMBRE GEOGRÁFICO | |
| Nombre geográfico | México |
| Subdivisión de forma | Manuscrito |
| Subdivisión general | Historia |
| Subdivisión cronológica | Federalismo y centralismo, 1824-1853 |
| 9 (RLIN) | 12442 |
| 700 1# - PUNTO DE ACCESO ADICIONAL--NOMBRE DE PERSONA | |
| Nombre de persona | Lazo, Ignacio |
| 9 (RLIN) | 12443 |
| 902 ## - CATALOGADOR | |
| Iniciales | FDH |
| 942 ## - ELEMENTOS DE PUNTO DE ACCESO ADICIONAL (KOHA) | |
| Fuente del sistema de clasificación o colocación | Library of Congress Classification |
| Tipo de ítem Koha | Documentos |
| Estado de retiro | Estado de pérdida | Estado dañado | No para préstamo | Localización permanente | Ubicación/localización actual | Fecha de adquisición | Total de préstamos | Signatura topográfica completa | Código de barras | Fecha visto por última vez | Precio válido a partir de | Tipo de ítem Koha |
|---|---|---|---|---|---|---|---|---|---|---|---|---|
| El ejemplar forma parte de la colección y puede ser consultado según las políticas vigentes. | Biblioteca del Museo Franz Mayer (Rogerio Casas-Alatriste) | Biblioteca del Museo Franz Mayer (Rogerio Casas-Alatriste) | 20/10/2010 | DOC13 .L67 1832 | 4974 | 22/03/2019 | 22/03/2019 | Documentos |